Las Políticas de bienestar social en la nueva Constitución /
Na minha lista:
| Autor principal: | |
|---|---|
| Formato: | Texto |
| Assuntos: | |
| Tags: |
Adicionar Tag
Sem tags, seja o primeiro a adicionar uma tag!
|
MARC
| LEADER | 00000 a a2200000 04500 | ||
|---|---|---|---|
| 001 | 7772 | ||
| 003 | |||
| 040 | |||
| 100 | |a Hoegen, Miguel von | ||
| 245 | |a Las Políticas de bienestar social en la nueva Constitución / |c Miguel von Hoegen | ||
| 650 | |a BIENESTAR SOCIAL | ||
| 650 | |a POLITICA SOCIAL | ||
| 650 | |a SOCIEDAD | ||
| 650 | |a CONSTITUCIONES | ||
| 650 | |a DERECHOS HUMANOS | ||
| 650 | |a DERECHOS CIVILES | ||
| 773 | |g número 48; páginas 25-32 | ||
| 999 | |c 27041 |d 27041 | ||
